Statistiques concernant Quiz sur la nourriture coréenne

Cliquez ici pour prendre le quiz!

Statistiques générales

  • Ce quiz a été pris 177 fois
  • Le résultat moyen est 4 sur 12

Statistiques - réponses

Réponse% Correct
Kimchi
94%
Bibimbap
74%
Tteokbokki
60%
Gimbap
59%
Bulgogi
40%
Japchae
39%
Jajangmyeon
26%
Bingsu
18%
Hotteok
16%
Dakgalbi
6%
Yakgwa
3%
Seolleongtang
1%

Distribution des résultats

Percentile par nombre de réponses

% des personnes avec chaque résultat

Votre développement - résultats

Vous n’avez pas pris ce quiz